Diagnostics in Biomedicine Based on Neural Networks : dátum obhajoby 10.3.2023
Guardado en:
| Autor principal: | |
|---|---|
| Otros Autores: | |
| Formato: | Manuscrito Libro |
| Lenguaje: | eslovaco inglés |
| Publicado: |
Bratislava :
STU v Bratislave FEI,
2023
|
| Materias: | |
| Acceso en línea: | https://opac.crzp.sk/?fn=detailBiblioFormChildE10J4K&sid=BF3D9176E80E1FB67EB92D51A8E7&seo=CRZP-detail-kniha |
| Etiquetas: |
Sin Etiquetas, Sea el primero en etiquetar este registro!
|
MARC
| LEADER | 00000ntm a22000003a 4500 | ||
|---|---|---|---|
| 001 | stuzp66057 | ||
| 003 | SK-STU | ||
| 005 | 20231106151955.5 | ||
| 007 | ta | ||
| 008 | 150427s2015----xo-----f-mn---000-0-slo-d | ||
| 040 | |a STU |b slo | ||
| 041 | 0 | |a eng | |
| 044 | |a xo | ||
| 100 | 1 | |a Goga, Jozef |u 031000 |k Z8 |4 aut |U FEI Fakulta elektrotechniky a informatiky |T FEI Ústav robotiky a kybernetiky |X 47568 |U E011 |Y 356 |7 47568 | |
| 242 | 0 | 1 | |a Diagnostika v biomedicíne s využitím neurónových sietí |y slo |
| 245 | 1 | 0 | |a Diagnostics in Biomedicine Based on Neural Networks : |b dátum obhajoby 10.3.2023 |
| 260 | |a Bratislava : |b STU v Bratislave FEI, |c 2023 | ||
| 300 | |a 144 s., |b Autoref. 2023, 40 s. | ||
| 500 | |a Len v elektronickej podobe | ||
| 650 | 4 | |a diabetická retinopatia |2 slo | |
| 650 | 4 | |a rozpoznávanie dúhovky |2 slo | |
| 650 | 4 | |a konvolučné neurónové siete |2 slo | |
| 650 | 4 | |a hlboké učenie |2 slo | |
| 650 | 4 | |a diabetic retinopathy |2 eng | |
| 650 | 4 | |a convolutional neural networks |2 eng | |
| 650 | 4 | |a iris recognition |2 eng | |
| 650 | 4 | |a deep learning |2 eng | |
| 700 | 1 | |a Pavlovičová, Jarmila |u 031000 |k Z1 |4 ths |U FEI Fakulta elektrotechniky a informatiky |T FEI Ústav robotiky a kybernetiky |X 1872 |U E011 |Y 356 |7 A000001872 | |
| 856 | 4 | |u https://opac.crzp.sk/?fn=detailBiblioFormChildE10J4K&sid=BF3D9176E80E1FB67EB92D51A8E7&seo=CRZP-detail-kniha | |